000 nab a22 a 4500
999 _c65486
_d65486
003 ENAL
008 101108s2018 ua ss b |eng d
040 _aEAL
_cEAL
041 _aeng
_bara
090 _aART EJDR V68 No2 2
100 1 _aEldeeb, Soha M.
_926326
240 1 0 _aEgyptian journal of desert research, 2018 v.68 (2)
_h[electronic resource].
245 1 0 _aFactors affecting applying level of biosecurity activities in broiler farms in Matrouh governorate, Egypt
_h[electronic resource].
246 1 5 _aالعوامل المؤثرة علي مستوي تطبيق أنشطة الأمن الحيوي بمزارع دواجن التسمين في محافظة مطروح،جمهورية مصر العربية.
300 _ap. 157-172.
504 _aIncludes references.
520 _aThe present research work aimed to determine the factors affecting applying level of biosecurity activities in broiler farms in Matrouh Governorate. This research depended on two sources of data secondary and primary data, the research employed surveyed data of 65 broiler farms. The research was based on the descriptive and quantitative analyses by using some economic indicators, general trend equations and analyzing the simple regression. This research identified the level of biosecurity activities already applied by respondents, and the respondents and farm characteristics that influence this level of applicable biosecurity activities. This research developed the measurement of applying a level of biosecurity activities and then used these measures as dependent variables in identifying the factors that affect the level of applying biosecurity activities. The dependent variable was an aggregated biosecurity score, which ranked and aggregated respondents applying biosecurity activities of 36 biosecurity subindicators. The analysis indicated that older, more educated respondents with larger families and respondents with non-poultry sources of income were more likely to apply a better level of biosecurity activities. The farm characteristics that may influence applying level of biosecurity activities were farm area, distance to neighbours’ poultry farm, distance to road and the number, average capacity of farms was also important.
546 _aSummary in Arabic.
650 0 _aBiosecurity
_zEgypt
_zMatrouh
_930171
650 0 _aChickens
_xHealth
_930172
700 1 _aAbo-Elnasr, Amany A.
_930150
700 1 _aKobisi, Abdel Nasser A.
_930151
700 1 _aHefnawy, Gohyza A.
_930152
773 0 _tEgyptian Journal of Desert Research.
_g2018.v.68(2)
_x1110-0605
_7nnas
_wu187751
856 4 0 _uhttp://nile.enal.sci.eg/EALE/2018/EJDR/6818/2/173.pdf
_zFull Text Article.
942 _cAR
_2alc